00485pab a2200157 454500008004000000100002800040245008900068260000900157300001500166362000800181650003600189650002400225650001200249700002100261773004500282180718b2006 xxu||||| |||| 00| 0 eng d aGonzalez-Rozada, Martin aWhy have urban poverty and income inequality increased so much? Argentina, 1991-2001 c2006 ap.109-138. aOct aIncome distribution - Argentina aPoverty - Argentina aPoverty aMenendez, Alicia aEconomic Development and Cultural Change